00455nam a2200181 a 4500001001300000003000900013005001700022008004100039020000800080082002200088100002800110245002200138260004100160300000900201500003500210505001000245650001800255nice12345678IN_TiNIC20260116011409.0050524s1962 luca grp 000 0 eng  ac600a305.62970954bNAD aNadwi, S Abul Hasan Ali aMuslims in India. aLucknowbNational Herald Pressc1962 a155p aincludes index and biblioraphy2 aIndex aMuslims-India